| 000 | 00329nam a2200133Ia 4500 | ||
|---|---|---|---|
| 005 | 20260328104335.0 | ||
| 008 | 260328s9999||||xx |||||||||||||| ||und|| | ||
| 100 | _aDushkes, Laura S. | ||
| 245 | 0 |
_aPalabra de Arquitecto / _cLaura S. Dushkes |
|
| 260 | _bGustavo Gili | ||
| 300 | _a159 p. | ||
| 650 | _aARQUITECTURA | ||
| 942 | _cBK | ||
| 999 |
_c11883 _d11883 |
||